Chiny czy Indie? - Statystyki

Ogólne statystyki
  • Ten quiz został rozwiązany 8 451 razy
  • Średni wynik to 10 z 15
Statystyki odpowiedzi
Zagadnienie Odpowiedź % Poprawnych
Mają większą powierzchnię Chiny
95%
Mają wyższy PKB na mieszkańca Chiny
91%
Szybszy przyrost liczby zaludnienia Indie
89%
Są członkiem Wspólnoty Brytyjskiej Indie
79%
Mają niższą średnią wieku Indie
77%
Żyją tam dzikie tygrysy Oba
74%
Posiadają bronie nuklearne Oba
74%
Są członkiem krajów BRICS Oba
67%
Przebiegają przez ich terytorium Himalaje Oba
66%
Mieszkał tam Budda Indie
64%
Wyższy procent wegetarian Indie
63%
Spożywają więcej produktów mlecznych na mieszkańca Indie
52%
Ich stolica znajduje się w północnej części kraju Oba
46%
Mają więcej mężczyzn niż kobiet Oba
26%
Wyższy średni wzrost mieszkańców Chiny
23%
Nie znaleziono quizów pasujących do podanych kryteriów
Rozkład punktacji
Procent ludzi z każdym wynikiem
Percentyl według liczby udzielonych odpowiedzi
Twoja historia wyników
Nie rozwiązałeś tego quizu